Europäische Hauptstädte nach Buchstaben- F;X;Y;Z - Statistiken

Allgemein
  • Dieses Quiz wurde 114 mal gespielt
    43 seit der letzten Aktualisierung
  • Das Durchschnittsergebnis liegt bei 3 aus 5
Antwortstatistiken
Antwort % Korrekt
Z Zagreb
94%
Y Reykjavik
65%
Z Vaduz
61%
X Luxemburg
48%
F Sofia
39%
Keine übereinstimmenden Quizze gefunden
Verteilung der Resultate
Anzahl Personen mit jedem Resultat
Perzentil nach korrekt beantworteten Fragen
Ihre Resultats-Entwicklung
Sie haben dieses Quiz seit der letzten Aktualisierung nicht gespielt